Statistics for World Map 30 X 32 Puzzle - Summer Olympics Host Cities

Click here to take the quiz!

General Stats

  • This quiz has been taken 412 times
  • The average score is 19 of 21

Answer Stats

Host citiesPiece% Correct
Amsterdam (1928), Antwerp (1920), London (1908, 1948, 2012)
98%
Los Angeles (1932, 1984)
97%
Paris (1900, 1924)
96%
Tokyo (1964, 2020)
96%
Rio de Janeiro (2016)
96%
Moscow (1980)
95%
Sydney (2000)
94%
Athens (1896, 2004)
94%
Mexico City (1968)
93%
Beijing (2008)
93%
Rome (1960)
93%
Barcelona (1992)
92%
Berlin (1936)
92%
Helsinki (1952)
91%
Seoul (1988)
90%
Atlanta (1996)
86%
Stockholm (1912)
86%
Melbourne (1956)
83%
Munich (1972)
78%
Montreal (1976)
75%
St. Louis (1904)
66%

Score Distribution

Percentile by Number Answered

Percent of People with Each Score

Your Score History

You have not taken this quiz